000 00705nam a22002297a 4500
003 UA-OsUOA
001 70824
007 ta
008 20100920b un ||||| |||| 00| 0 ukr d
100 _aШагинян Р. П.
090 _a82.09(091)
_bШ15
942 _cBK
040 _aUA-OsUOA
_bukr
_cUA-OsUOA
_dUA-OsUOA
245 _aИстория русской литературы ХІ-ХІХвв.
_bКонспектний курс лекций для студентов-иностранцев
300 _a190 с.
955 _a2
041 _aukr
080 _a82.09(091)
260 _aК.
_c2004
650 7 _a82 Література. Літературознавство
_2UDC
999 _c357091
_d357091